|
|
|
|
| LEADER |
00000cam a2200000 7i4500 |
| 001 |
0000002794 |
| 005 |
20240926.0 |
| 008 |
240319 my may |
| 040 |
|
|
|a INS
|b eng
|e rda
|
| 090 |
0 |
0 |
|a RG2384.K8
|b .B31986 1991
|
| 245 |
0 |
0 |
|a Panduan Jalan-Jalan di Kuala Lumpur dan sekitarnya :
|b termasuk Kuala Lumpur, Petaling Jaya, Subang Jaya dan Shah Alam
|
| 264 |
|
1 |
|a Kuala Lumpur :
|b Citymap Publishing
|c 1991
|
| 300 |
|
|
|a 1 v. (various pagings) ;
|c 26 cm.
|
| 336 |
|
|
|a text
|2 rdacontent
|
| 337 |
|
|
|a unmediated
|2 rdamedia
|
| 338 |
|
|
|a volume
|2 rdacarrier
|
| 650 |
|
0 |
|a Road maps
|z Kuala Lumpur
|
| 650 |
|
0 |
|a Road maps
|z Petaling Jaya
|
| 999 |
|
|
|a 0000003524
|b BOOK
|c Red Spot
|e Default branch
|
| 999 |
|
|
|a 0000004986
|b BOOK
|c Reference
|e Default branch
|